Odwrócone państwa na mapie świata - Statystyki

Ogólne statystyki
  • Ten quiz został rozwiązany 306 razy
  • Średni wynik to 12 z 15
Odpowiedzi na mapie
Odpowiedzi zakodowano w zielono-czerwonej skali na mapie do tego quizu, zgodnie z poniższymi procentami.
 
Statystyki odpowiedzi
Państwa % Poprawnych
Australia
98%
Szwecja
94%
Belgia
91%
Japonia
91%
Mongolia
91%
Litwa
88%
Madagaskar
86%
Nowa Zelandia
86%
Islandia
82%
Kuba
82%
Korea Południowa
78%
Filipiny
76%
Togo
69%
Sri Lanka
55%
Dżibuti
35%
Nie znaleziono quizów pasujących do podanych kryteriów
Rozkład punktacji
Procent ludzi z każdym wynikiem
Percentyl według liczby udzielonych odpowiedzi
Twoja historia wyników
Nie rozwiązałeś tego quizu